Budovanie pevných mostov do únie

Myšlienka vybudovania pevných mostov medzi slovenskou samosprávou a inštitúciami Európskej únie. Záujem slovenskej samosprávy participovať na rozhodovaní únie, ktoré sa dotýka života a potrieb miest, obcí a regiónov. Výbor regiónov Európskej únie, Rada európskych obcí a regiónov - informácie o inšti...

Ausführliche Beschreibung

Gespeichert in:
Bibliographische Detailangaben
1. Verfasser: Krútky, Peter
Format: Buchkapitel
Sprache:Slowakisch
Schlagworte:
Tags: Tag hinzufügen
Keine Tags, Fügen Sie das erste Tag hinzu!

MARC

LEADER 00000naa$a2200000$$$4500
001 0026737
005 20231016084047.6
041 0 |a slo 
044 |a SK 
245 1 0 |a Budovanie pevných mostov do únie  |c Peter Krútky 
520 |a Myšlienka vybudovania pevných mostov medzi slovenskou samosprávou a inštitúciami Európskej únie. Záujem slovenskej samosprávy participovať na rozhodovaní únie, ktoré sa dotýka života a potrieb miest, obcí a regiónov. Výbor regiónov Európskej únie, Rada európskych obcí a regiónov - informácie o inštitúciách, v ktorých má zastúpenie aj Slovenská republika. 
610 2 0 |a samospráva 
610 2 0 |a Slovensko 
610 2 0 |a inštitúcia 
610 2 0 |a Európska únia 
610 2 0 |a rozhodovanie 
610 2 0 |a mestá 
610 2 0 |a obce 
610 2 0 |a regióny 
610 2 0 |a spolupráca medzinárodná 
100 1 |a Krútky, Peter